Statistics for Chris's General Knowledge Quiz #6

Click here to take the quiz!

General Stats

  • This quiz has been taken 53 times
  • The average score is 8 of 20

Answer Stats

Question Answer % Correct
What colour is the husk of a coconut?Brown
87%
Which famous uncle is synonymous with rice?Uncle Ben
84%
An atoll is a ring-shaped reef composed of what?Coral
71%
In finance, ROI stands for return on ______ what?Investment
71%
Finlandia is a brand of what alcoholic spirit?Vodka
67%
What type of blood vessel is the aorta?Artery
60%
Who played Greg's father in the film 'Meet the Fockers'?Dustin Hoffman
53%
Which car brand manufactures the 'Tiguan' model?Volkswagen
44%
What is the oldest National Park in South Africa?Kruger National Park
38%
'Reflection' and 'I'll Make a Man Out of You' were songs from which Disney film?Mulan
38%
Limpiar is the Spanish verb meaning to _____ what?Clean
22%
The Marvel superhero Wolverine has adamantium-plating on what part of his body?Skeleton
20%
Grimsby is on the south side of what estuary?Humber
20%
Which Welsh band released the album 'Futurology'?Manic Street Preachers
18%
Which famous King of Scotland was nicknamed 'The Red King'?MacBeth
16%
What country hosted the 1962 FIFA World Cup?Chile
16%
Octave is the 8th basic position in what Olympic sport?Fencing
16%
Which American singer had a #1 hit with 'We R Who We R'?Kesha
13%
In what year were the Red Arrows of the RAF formed?1964
7%
Which Eastenders character was killed on 18th April 2014?Lucy Beale
7%

Score Distribution

Percentile by Number Answered

Percent of People with Each Score

Your Score History

You have not taken this quiz